000 00792nam a2200229Ii 4500
003 JO-AjNU
008 230605s9999||||xx |||||||||||||| ||und||
017 _a2004/3837
020 _a99901-04-6
040 _aJO-AjNU
_bara
_erda
_cJO-AjNU
041 _aara
050 1 4 _aDS849.A65.B37 2004
100 3 _aالبستكي، نصرة عبدالله,
_eauthor
_919307
245 0 0 _aاليابان والخليج: استراتيجية العلاقات والمشروع النهضوي
250 _aط1
264 3 1 _aبيروت: المؤسسة العربية للدراسات والنشر، 2004
300 _a253ص
336 _atext
_btxt
_2rdacontent
337 _aunmediated
_bn
_2rdamedia
338 _avolume
_bnc
_2rdacarrier
650 4 _aاليابان والخليج-تاريخ
_919308
999 _aA6345
_c9913
_d9913